000 00780nam a22002417a 4500
001 40578
003 UA-OsUOA
005 20230801224958.0
007 ta
008 20060811b un ||||| |||| 00| 0 ukr d
020 _a966-518-185-8
040 _aUA-OsUOA
_bukr
_cUA-OsUOA
_dUA-OsUOA
041 _aukr
080 _a811.111.34
090 _a811.111.34
_bЗ-58
100 _aЗернецький П. В.
245 _aАнглійська мова для правників
_bнавчальний посібник
_cП. В. Зернецький, М. В. Орлов
260 _aК.
_bКМА
_c2003
300 _a182 с.
650 7 _a8 Мовознавство. Художня література. Літературознавство
_2UDC
942 _cBK
_2udc
955 _a2
999 _c326718
_d326718